Europäische Hauptstädte nach Buchstaben- A - Statistiken

Allgemein
  • Dieses Quiz wurde 170 mal gespielt
    122 seit der letzten Aktualisierung
  • Das Durchschnittsergebnis liegt bei 24 aus 30
Antwortstatistiken
Antwort % Korrekt
Amsterdam
96%
Athen
94%
Madrid
86%
Zagreb
86%
Lissabon
85%
Warschau
85%
Bukarest
84%
Paris
84%
Riga
84%
Moskau
83%
Sofia
83%
Budapest
82%
Tallinn
82%
Bratislava
81%
Kopenhagen
81%
San Marino
81%
Andorra la Vella
80%
Prag
80%
Reykjavik
79%
Ljubljana
78%
Vatikanstadt
78%
Valletta
77%
Monaco
76%
Tirana
76%
Vaduz
76%
Chisinau
72%
Pristina
69%
Sarajevo
69%
Belgrad
66%
Podgorica
64%
Keine übereinstimmenden Quizze gefunden
Verteilung der Resultate
Anzahl Personen mit jedem Resultat
Perzentil nach korrekt beantworteten Fragen
Ihre Resultats-Entwicklung
Sie haben dieses Quiz seit der letzten Aktualisierung nicht gespielt